000 01435nam a22003857a 4500
003 CHAP
005 20220329134115.0
008 971013s1985 r 00010 d
010 _a15459
011 _a16431
035 _a20510
040 _cCHAP
082 _a632
_bG76
100 0 0 _aGroth, James V.
_950822
245 _aGenetic basic of biochemical mechanisms of plant disease
260 _aSt. Paul, Minn. :
_bAmerican Phytopathological Society Press,
_c1985
300 _a157 p.
_b: ilus
590 _aBATCH-UPD
_b10
_c20130109
_lUCH01
_h2318
590 _aBATCH-UPD
_b10
_c20130110
_lUCH01
_h0144
590 _aBATCH-UPD
_b10
_c20130110
_lUCH01
_h2008
590 _aBATCH-UPD
_b10
_c20130409
_lUCH01
_h1839
590 _aBATCH-UPD
_b10
_c20130410
_lUCH01
_h1328
590 _aBATCH-UPD
_b10
_c20130914
_lUCH01
_h1117
590 _aCONVERSION
_b10
_c20130109
_lUCH01
_h1310
650 1 4 _aCultivos
_xVariedades resistentes a enfermedades.
_930335
650 1 4 _aFitopatología.
_941161
650 1 4 _aInteracción huésped-parásito.
_959512
700 0 _aBushnell, William R.
_916346
901 _aBK
942 _cLIBRO
949 _a632 G76
_bBC
_cLIBRO
_d33724000174850
_eLIBRO
_h69463
_i20510
_si
949 _a632 G76
_bBC
_cLIBRO
_d33724000174868
_eLIBRO
_fc.2
_h77701
_i20510
_si
949 _a632 G76
_bBC
_cLIBRO
_d33724000174876
_eLIBRO
_fc.4
_h82661
_i20510
_si
949 _a632 G76
_bBC
_cLIBRO
_d33724000174884
_eLIBRO
_fc.3
_h110 subs.
_i20510
_si
999 _c15459
_d15459